La confrontación: una oportunidad para el desarrollo personal /

Este artículo pretende apoyar al profesional en Orientación u otros profesionales de ayuda que se inician en el campo laboral y que necesitan desarrollar mayores destrezas personales para utilizar la confrontación vista como una técnica estratégica, que fundamentada desde diferentes enfoques psicoló...

Ful tanımlama

Detaylı Bibliyografya
Yazar: Vagas Cordero, Zoila Rosa
Materyal Türü: Makale
Dil:İspanyolca
Baskı/Yayın Bilgisi: San José, Costa Rica : Editorial Universidad de Costa Rica, 2003
Konular:

MARC

LEADER 00000nab a22000007a 4500
005 20150909161908.0
008 150909b2003 cr f|||| |||| 00| 0 spa d
090 |a REVIS 06.02.01 
100 1 |9 966  |a Vagas Cordero, Zoila Rosa 
245 1 3 |a La confrontación: una oportunidad para el desarrollo personal /  |c Zoila Rosa Vagas Cordero 
260 |a San José, Costa Rica :  |b Editorial Universidad de Costa Rica,  |c 2003 
300 |a páginas 79-86 
520 |a Este artículo pretende apoyar al profesional en Orientación u otros profesionales de ayuda que se inician en el campo laboral y que necesitan desarrollar mayores destrezas personales para utilizar la confrontación vista como una técnica estratégica, que fundamentada desde diferentes enfoques psicológicos para la Orientación, se convierte en una herramienta de gran utilidad en la ayuda de las personas que muestran diferentes conductas, tales como dificultad, para interactuar con sus semejantes, limitado compromiso personal y empobrecida conexión con la realidad, entre otras; en donde la confrontación resulta un medio eficaz y una oportunidad para el desarrollo personal a partir de la integración del yo 
650 1 4 |9 1  |a EDUCACIÓN 
773 0 |d San José, Costa Rica : Editorial de la Universidad de Costa Rica, 1997-  |o R0202  |t EDUCACIÓN: Revista de la Universidad de Costa Rica  |g Vol.27, no.2 (2003) 
942 |h REVIS 06.02.01   |2 z  |c 10 
999 |c 2856  |d 2856